| 000 | 00867nam a22002057a 4500 | ||
|---|---|---|---|
| 999 |
_c370052 _d370052 |
||
| 008 | 201130b ||||| |||| 00| 0 eng d | ||
| 040 |
_bger _cDE-2950 _erda _aDE-2950 |
||
| 041 | _ager | ||
| 100 | _aKretzschmar, Ida: | ||
| 245 |
_aDie doppelte Sehnsucht. _bLiteratur: Landung der Träume in der Region: Schriftstellerinnen und Schriftsteller aus Brandenburg blicken auf 30 Jahre - in 30 Zeilen und mit 30 Texten / _cIda Kretzschmar |
||
| 264 | _c2021 | ||
| 653 | _aBrandenburg <Land> | ||
| 653 | _aLandesverband Brandenburg im Verband deutscher Schriftstellerinnen und Schriftsteller | ||
| 653 | _aAnthologie | ||
| 773 |
_dFrankfurt (Oder): Märkisches Verlags- und Druckhaus GmbH & Co KG _g32. Jahrgang (2021) Nr. 169 vom 23.07.2021, S. 18: Foto _tMärkische Oderzeitung |
||
| 942 | _cA | ||